[Event "IM Not A GM Speed Chess"]
[Site "chess.com INT"]
[Date "2020.05.17"]
[Round "3.4"]
[White "Shahade, Gregory"]
[Black "Bartholomew, John"]
[Result "0-1"]
[WhiteTitle "IM"]
[BlackTitle "IM"]
[WhiteElo "2476"]
[BlackElo "2446"]
[WhiteFideId "2009064"]
[BlackFideId "2019353"]
[EventDate "2020.04.18"]

1. e4 c6 2. Nc3 d5 3. Nf3 Bg4 4. h3 Bxf3 5. Qxf3 Nf6 6. Be2 e6 7. O-O Be7 8. Rd1
O-O 9. d4 dxe4 10. Nxe4 Nxe4 11. Qxe4 Nd7 12. c3 Nf6 13. Qf3 a5 14. Bd3 a4 15.
Bf4 Qd5 16. Qe2 Rfd8 17. Be5 g6 18. Qe3 Nd7 19. Be4 Qa5 20. Bf4 Nf6 21. Bc2 a3
22. b4 Qh5 23. Be5 Nd5 24. Qg3 Qh4 25. Qf3 Bd6 26. Bxd6 Rxd6 27. Bb3 b5 28. Rab1
Kg7 29. c4 bxc4 30. Bxc4 Qf6 31. Bxd5 Rxd5 32. Qc3 e5 33. dxe5 Rxe5 34. Rb3 Re2
35. Qxf6+ Kxf6 36. Rd6+ Kg7 37. Rxc6 Rxa2 38. Kh2 Rb2 39. Rcc3 Rxb3 0-1

[Event "IM Not A GM Speed Chess"]
[Site "chess.com INT"]
[Date "2020.05.17"]
[Round "3.5"]
[White "Bartholomew, John"]
[Black "Shahade, Gregory"]
[Result "1/2-1/2"]
[WhiteTitle "IM"]
[BlackTitle "IM"]
[WhiteElo "2446"]
[BlackElo "2476"]
[WhiteFideId "2019353"]
[BlackFideId "2009064"]
[EventDate "2020.04.18"]

1. d4 Nf6 2. Nf3 g6 3. Bg5 Bg7 4. Nbd2 O-O 5. e3 d6 6. Bc4 c5 7. c3 h6 8. Bh4 d5
9. Be2 Qb6 10. Qb3 c4 11. Qa3 Nc6 12. h3 Re8 13. b3 cxb3 14. Qxb3 Qc7 15. Bxf6
Bxf6 16. Qxd5 Be6 17. Qb5 a6 18. Qb2 Na5 19. O-O Rec8 20. Rfc1 b5 21. a4 Nc4 22.
Qc2 Rab8 23. axb5 axb5 24. Ne4 Ra8 25. Nc5 Qc6 26. Rxa8 Rxa8 27. Nxe6 Qxe6 28.
Bxc4 Qxc4 29. Nd2 Qa2 30. Qxa2 Rxa2 31. Ne4 Bg7 32. Rb1 f5 33. Nc5 Ra3 34. Rxb5
Rxc3 35. Rb7 Kf7 36. g3 g5 37. Kg2 f4 38. Rb3 Rc2 39. gxf4 gxf4 40. Kf3 fxe3 41.
fxe3 Rh2 42. Kg3 Rc2 43. Nd3 Ra2 44. Nf4 e5 45. Rb7+ Kg8 46. Nh5 Bh8 47. d5 e4
48. Kf4 Rh2 49. Ng3 Rxh3 50. Nf5 Rh1 51. Kxe4 Rd1 52. d6 h5 53. Rb8+ Kh7 54.
Rb7+ Kg6 55. d7 Bf6 56. Ra7 h4 57. Ra6 Rxd7 58. Kf4 h3 59. Ng3 h2 60. Ra2 Rh7
61. Nh1 Kf7 62. Rg2 Ke6 63. Kf3 Be5 64. e4 Rf7+ 1/2-1/2

[Event "IM Not A GM Speed Chess"]
[Site "chess.com INT"]
[Date "2020.05.17"]
[Round "3.6"]
[White "Shahade, Gregory"]
[Black "Bartholomew, John"]
[Result "0-1"]
[WhiteTitle "IM"]
[BlackTitle "IM"]
[WhiteElo "2476"]
[BlackElo "2446"]
[WhiteFideId "2009064"]
[BlackFideId "2019353"]
[EventDate "2020.04.18"]

1. e4 c6 2. d4 d5 3. exd5 cxd5 4. c4 Nf6 5. Nc3 Nc6 6. Bg5 Be6 7. Be2 h6 8. Bxf6
exf6 9. Nf3 Bb4 10. cxd5 Bxd5 11. O-O O-O 12. Nxd5 Qxd5 13. a3 Ba5 14. Rc1 Bb6
15. Bc4 Qd6 16. d5 Ne5 17. Ba2 Rac8 18. Rxc8 Rxc8 19. Nd4 g6 20. Nb5 Qd7 21. Nc3
Kg7 22. Qe2 Bd4 23. Nb5 Bb6 24. h3 a6 25. Nc3 Bd4 26. Ne4 f5 27. Rd1 fxe4 28.
Rxd4 Rc1+ 29. Rd1 Qb5 30. Qxb5 Rxd1+ 31. Qf1 Rxf1+ 32. Kxf1 f5 33. Ke2 Nd3 34.
f3 Nc1+ 35. Ke3 Nxa2 36. fxe4 fxe4 37. Kxe4 Kf6 0-1

[Event "IM Not A GM Speed Chess"]
[Site "chess.com INT"]
[Date "2020.05.17"]
[Round "3.7"]
[White "Bartholomew, John"]
[Black "Shahade, Gregory"]
[Result "1-0"]
[WhiteTitle "IM"]
[BlackTitle "IM"]
[WhiteElo "2446"]
[BlackElo "2476"]
[WhiteFideId "2019353"]
[BlackFideId "2009064"]
[EventDate "2020.04.18"]

1. d4 Nf6 2. Nf3 e6 3. c4 b6 4. g3 Bb7 5. Bg2 Be7 6. O-O O-O 7. Nc3 Ne4 8. Bd2
Bf6 9. Rc1 d6 10. d5 Nxc3 11. Bxc3 Bxc3 12. Rxc3 e5 13. b4 a5 14. a3 Nd7 15. Qc2
f5 16. Nd2 Qf6 17. Nb3 e4 18. Rd1 axb4 19. axb4 Ra2 20. Qxa2 Qxc3 21. Nd4 Qxb4
22. Rb1 Qc3 23. Nb5 Qe5 24. Nxc7 f4 25. Ne6 Ra8 26. Qc2 e3 27. gxf4 exf2+ 28.
Kxf2 Qh5 29. Qc3 Nf6 30. Qg3 g6 31. Rxb6 Ra2 32. Bf3 Ne4+ 33. Ke3 Nxg3 34. Bxh5
Nxh5 35. Rxb7 Rc2 36. Rc7 Nf6 37. Kd3 Rc1 38. e4 Rh1 39. e5 dxe5 40. fxe5 Ng4
41. Kd4 Rd1+ 42. Kc5 Nxe5 43. Rg7+ Kh8 44. Ra7 Kg8 45. Rg7+ Kh8 46. Re7 Nd3+ 47.
Kd6 Kg8 48. c5 Nb4 49. Nc7 Rc1 50. c6 Na6 51. Nxa6 Ra1 52. Nc5 Ra5 53. c7 1-0

[Event "IM Not A GM Speed Chess"]
[Site "chess.com INT"]
[Date "2020.05.17"]
[Round "3.8"]
[White "Shahade, Gregory"]
[Black "Bartholomew, John"]
[Result "0-1"]
[WhiteTitle "IM"]
[BlackTitle "IM"]
[WhiteElo "2476"]
[BlackElo "2446"]
[WhiteFideId "2009064"]
[BlackFideId "2019353"]
[EventDate "2020.04.18"]

1. e4 c6 2. Nc3 d5 3. Nf3 a6 4. d4 Bg4 5. h3 Bh5 6. g4 Bg6 7. exd5 cxd5 8. Ne5
Nc6 9. h4 Nxe5 10. dxe5 d4 11. h5 dxc3 12. Qxd8+ Rxd8 13. hxg6 cxb2 14. gxf7+
Kxf7 15. Bxb2 e6 16. Bg2 Bb4+ 17. c3 Bc5 18. Ke2 Ne7 19. Rad1 b5 20. Rxd8 Rxd8
21. Rxh7 Bxf2 22. Rh1 Bg3 23. Rf1+ Kg8 24. Bb7 Bxe5 25. Ba3 Nd5 26. Bxd5 exd5
27. Kd3 Rc8 28. Bb4 g6 29. a4 Rc4 30. axb5 axb5 31. Rf8+ Kg7 32. Rb8 Rxg4 33.
Rxb5 Rg3+ 34. Kc2 Kf6 35. Rxd5 g5 36. Bd6 Bxd6 37. Rxd6+ Kf5 38. c4 g4 39. c5
Ra3 40. c6 Ra5 41. Kd3 Rc5 42. Ke2 Ke5 43. Rg6 Kf4 44. Rf6+ Kg3 45. Re6 Kh2 46.
Rh6+ Kg2 47. Rg6 g3 48. Ke3 Kh2 49. Rh6+ Kg1 50. Kf3 Rc3+ 51. Ke4 g2 52. Kd5 Rg3
53. c7 Rg8 54. Kd6 Kf1 55. Rf6+ Ke2 56. Kd7 g1=Q 57. Re6+ Kd3 58. Rd6+ Ke4 59.
c8=Q Qg4+ 0-1

[Event "IM Not A GM Speed Chess"]
[Site "chess.com INT"]
[Date "2020.05.17"]
[Round "3.9"]
[White "Bartholomew, John"]
[Black "Shahade, Gregory"]
[Result "1-0"]
[WhiteTitle "IM"]
[BlackTitle "IM"]
[WhiteElo "2446"]
[BlackElo "2476"]
[WhiteFideId "2019353"]
[BlackFideId "2009064"]
[EventDate "2020.04.18"]

1. d4 Nf6 2. Nf3 g6 3. Bg5 Bg7 4. Nbd2 O-O 5. e3 d6 6. Bc4 c5 7. c3 h6 8. Bh4 d5
9. Bd3 Qb6 10. Qb1 cxd4 11. cxd4 Nc6 12. a3 Nd7 13. O-O e5 14. dxe5 Ndxe5 15.
Nxe5 Nxe5 16. Be2 Bf5 17. Qa2 Rac8 18. Rac1 Nd3 19. Rxc8 Rxc8 20. Qxd5 Qxb2 21.
Rd1 Rc1 22. Rxc1 Qxc1+ 23. Nf1 Qxa3 24. g4 Nc1 25. Bc4 Be6 26. Qxb7 Bxc4 27.
Qc8+ Bf8 28. Qxc4 Qb2 29. Ng3 Qb1 30. Bf6 Nd3+ 31. Kg2 Qd1 32. Bc3 Ne1+ 33. Bxe1
Qxe1 34. Qa6 Qd1 35. Qxa7 Qxg4 36. Qb7 h5 37. Qf3 Qe6 38. Qe4 Qxe4+ 39. Nxe4 Be7
40. Kf3 Kg7 41. Kg3 f6 42. f4 Kf7 43. Kf3 Ke6 44. Ng3 Kf7 45. f5 gxf5 46. Nxh5
Ke6 47. Ng7+ Ke5 48. h4 Bf8 49. Nh5 Bh6 50. Nf4 Kd6 51. Ne2 Ke5 52. h5 Kd5 53.
Nf4+ Ke5 54. Ng6+ Kd5 55. Nf4+ Ke5 56. Ke2 Ke4 57. Ng2 Ke5 58. Kd3 Kd5 59. Ne1
Ke5 60. Nf3+ Kd5 61. Nh4 Ke5 62. Ng2 Kd5 63. Ne1 f4 64. e4+ Ke5 65. Nf3+ Ke6 66.
Nd4+ Ke5 67. Nf5 Bg5 68. h6 f3 69. h7 f2 70. Ke2 Kxe4 71. h8=Q Kxf5 72. Qh3+ Ke5
73. Kxf2 Kd6 74. Kf3 Ke7 75. Ke4 Kf7 76. Kf5 Ke7 77. Qd3 Ke8 78. Ke6 Kf8 79. Qh7
Ke8 80. Qd7+ Kf8 81. Qf7# 1-0

[Event "IM Not A GM Speed Chess"]
[Site "chess.com INT"]
[Date "2020.05.14"]
[Round "3.10"]
[White "Shahade, Gregory"]
[Black "Bartholomew, John"]
[Result "1-0"]
[WhiteTitle "IM"]
[BlackTitle "IM"]
[WhiteElo "2476"]
[BlackElo "2446"]
[WhiteFideId "2009064"]
[BlackFideId "2019353"]
[EventDate "2020.04.18"]

1. e4 c6 2. Nc3 d5 3. Nf3 dxe4 4. Nxe4 Nf6 5. Qe2 Nxe4 6. Qxe4 Qd5 7. Qf4 Qf5 8.
Qe3 Qe6 9. b3 Qxe3+ 10. fxe3 Bf5 11. d3 e6 12. Bb2 Nd7 13. O-O-O h6 14. h3 Rg8
15. g4 Bh7 16. Bg2 Bc5 17. Kd2 O-O-O 18. Rhf1 f6 19. Nd4 Rge8 20. a3 Ne5 21. b4
Bb6 22. Ke2 Bg6 23. Nb3 Nf7 24. a4 a6 25. Bd4 Bxd4 26. Nxd4 h5 27. b5 axb5 28.
axb5 cxb5 29. Nxb5 hxg4 30. hxg4 Rh8 31. Ra1 Kd7 32. Ra7 Rh2 33. Rxb7+ Ke8 34.
Nc7+ Ke7 35. Nd5+ Kf8 36. Nf4 Kg8 37. Kf2 Rc8 38. Kg3 Rh6 39. Nxe6 Ne5 40. Rxg7+
Kh8 41. Rxf6 Re8 42. Rc7 Rh7 43. d4 Rxc7 44. Nxc7 Rc8 45. dxe5 Bxc2 46. Ne6 Re8
47. Rf8+ Rxf8 48. Nxf8 Kg7 49. Ne6+ Kf7 50. Nf4 Ke7 51. g5 Bf5 52. Bh3 Bc2 53.
Bg4 Bb1 54. Kh4 Bc2 55. Kh5 Kf7 56. Kh6 Ke7 57. Bh5 Bb3 58. Bg6 Ba2 59. Bf5 Bb3
60. g6 Bg8 61. Kg7 Bb3 62. e4 Ba2 63. Nd5+ 1-0

[Event "IM Not A GM Speed Chess"]
[Site "chess.com INT"]
[Date "2020.05.17"]
[Round "3.11"]
[White "Bartholomew, John"]
[Black "Shahade, Gregory"]
[Result "1/2-1/2"]
[WhiteTitle "IM"]
[BlackTitle "IM"]
[WhiteElo "2446"]
[BlackElo "2476"]
[WhiteFideId "2019353"]
[BlackFideId "2009064"]
[EventDate "2020.04.18"]

1. d4 Nf6 2. Nf3 g6 3. Bg5 Bg7 4. Nbd2 O-O 5. e3 d6 6. Bc4 c5 7. c3 h6 8. Bh4 d5
9. Be2 cxd4 10. cxd4 Nc6 11. O-O Qb6 12. Qb3 Qxb3 13. Nxb3 g5 14. Bg3 Ne4 15.
Rac1 Bd7 16. Nc5 Nxc5 17. Rxc5 e6 18. a3 Rfc8 19. Rfc1 Kf8 20. h4 g4 21. Bd6+
Ke8 22. Ne1 f5 23. Nd3 Bf6 24. h5 Kd8 25. Bf4 Bg7 26. f3 gxf3 27. Bxf3 Ke7 28.
Kf2 Rh8 29. b4 a6 30. Ne5 Bxe5 31. dxe5 Rh7 32. Ke2 Kd8 33. Kd2 Rc8 34. Be2 Na7
35. Rxc8+ Nxc8 36. Bd3 Rh8 37. Rg1 Bb5 38. Bc2 Ne7 39. g4 fxg4 40. Rxg4 Be8 41.
Bg6 Bxg6 42. hxg6 Rg8 43. Bxh6 Rxg6 44. Rxg6 Nxg6 45. Bg7 Kd7 46. Kd3 Kc6 47. a4
Nh4 48. e4 Ng6 49. Kd4 Nf4 50. Bf8 dxe4 51. Kxe4 Nd5 52. Kd4 b5 53. a5 Kd7 54.
Kc5 Kc7 55. Bd6+ Kb7 56. Bf8 Kc7 57. Bd6+ Kb7 58. Bf8 Kc7 1/2-1/2

[Event "IM Not A GM Speed Chess"]
[Site "chess.com INT"]
[Date "2020.05.17"]
[Round "3.12"]
[White "Shahade, Gregory"]
[Black "Bartholomew, John"]
[Result "0-1"]
[WhiteTitle "IM"]
[BlackTitle "IM"]
[WhiteElo "2476"]
[BlackElo "2446"]
[WhiteFideId "2009064"]
[BlackFideId "2019353"]
[EventDate "2020.04.18"]

1. e4 c6 2. Nc3 d5 3. Nf3 Bg4 4. h3 Bxf3 5. Qxf3 Nf6 6. Be2 e6 7. O-O Nbd7 8. d4
dxe4 9. Nxe4 Be7 10. c3 O-O 11. Bf4 Nxe4 12. Qxe4 Nf6 13. Qf3 Nd5 14. Bd2 Bg5
15. Rad1 Bxd2 16. Rxd2 Qg5 17. Rfd1 Rad8 18. g3 Rfe8 19. h4 Qe7 20. Bf1 a5 21.
a4 Nb6 22. b3 Nd5 23. Bg2 Qa3 24. c4 Ne7 25. Qc3 b6 26. Rd3 Qd6 27. c5 Qc7 28.
b4 axb4 29. Qxb4 Rb8 30. Rc1 b5 31. a5 Ra8 32. Ra1 Ra6 33. Rda3 Rea8 34. Be4 h5
35. Bf3 g6 36. Qe1 Qd8 37. Qe3 Nf5 38. Qf4 Qxd4 39. Qg5 Qxc5 40. Bxh5 Qe7 41.
Bf3 Qxg5 42. hxg5 Nd4 43. Be4 R8a7 44. f4 c5 45. Rd1 Rxa5 46. Rad3 Ra3 47. Rxa3
Rxa3 48. Kg2 b4 49. Rc1 Ra5 50. g4 b3 51. Bd3 b2 52. Rb1 Ra3 53. Be4 Rb3 54. f5
gxf5 55. gxf5 c4 56. g6 c3 57. gxf7+ Kxf7 58. fxe6+ Kxe6 59. Re1 Kd6 60. Rd1 Kc5
61. Rh1 c2 62. Rh5+ Kb4 63. Rh8 b1=Q 64. Rb8+ Kc3 65. Rc8+ Kd2 66. Rd8 Ke3 0-1

[Event "IM Not A GM Speed Chess"]
[Site "chess.com INT"]
[Date "2020.05.17"]
[Round "3.13"]
[White "Bartholomew, John"]
[Black "Shahade, Gregory"]
[Result "1-0"]
[WhiteTitle "IM"]
[BlackTitle "IM"]
[WhiteElo "2446"]
[BlackElo "2476"]
[WhiteFideId "2019353"]
[BlackFideId "2009064"]
[EventDate "2020.04.18"]

1. d4 d5 2. c4 c6 3. Nf3 Nf6 4. Nc3 e6 5. Bg5 Nbd7 6. e3 Qa5 7. cxd5 Nxd5 8. Qd2
Bb4 9. Rc1 Nxc3 10. bxc3 Ba3 11. Rb1 O-O 12. Bd3 Re8 13. O-O Bf8 14. e4 e5 15.
Qc2 exd4 16. cxd4 Nb6 17. e5 h6 18. Bd2 Qd5 19. Bh7+ Kh8 20. Be4 Qd8 21. Ba5 Be6
22. Rfd1 Qd7 23. Bd3 Nd5 24. Bd2 Rac8 25. Qb2 Rc7 26. Rbc1 Rec8 27. Ba5 b6 28.
Bd2 c5 29. Ba6 Rd8 30. Be1 cxd4 31. Nxd4 Rxc1 32. Rxc1 Bc5 33. Nxe6 Qxe6 34. Bc4
Qe7 35. Qe2 Nf4 36. Qe4 Ng6 37. e6 Qg5 38. Rb1 fxe6 39. Bxe6 Nf4 40. Bc4 Rf8 41.
Qf3 Ng6 42. Qg3 Qf5 43. Rd1 Ne5 44. Kh1 Nxc4 45. Bc3 1-0

[Event "IM Not A GM Speed Chess"]
[Site "chess.com INT"]
[Date "2020.05.17"]
[Round "3.14"]
[White "Shahade, Gregory"]
[Black "Bartholomew, John"]
[Result "1-0"]
[WhiteTitle "IM"]
[BlackTitle "IM"]
[WhiteElo "2476"]
[BlackElo "2446"]
[WhiteFideId "2009064"]
[BlackFideId "2019353"]
[EventDate "2020.04.18"]

1. b3 d5 2. Bb2 Bg4 3. h3 Bh5 4. Nf3 Bxf3 5. exf3 e6 6. f4 Nf6 7. g3 g6 8. Bg2
Bg7 9. c4 c6 10. O-O O-O 11. d3 Nbd7 12. Re1 Re8 13. Nd2 a5 14. Nf3 a4 15. Qc2
Qa5 16. Bc3 Qa7 17. Rad1 Nh5 18. Bxg7 Nxg7 19. b4 a3 20. Rb1 Qa4 21. Rb3 Nf5 22.
Qc3 Red8 23. Reb1 dxc4 24. dxc4 c5 25. Ng5 Nd4 26. bxc5 Nxb3 27. Rxb3 Nxc5 28.
Rb5 Qd1+ 29. Kh2 Qd4 30. Qxd4 Rxd4 31. Rxc5 Rd2 32. Bxb7 Ra7 33. Rc8+ Kg7 34.
Rc7 Kf8 35. Rxf7+ Ke8 36. Bc6+ Rad7 37. Rxd7 Rxf2+ 38. Kg1 Rxa2 39. Nxe6 Re2 40.
Rd2+ Ke7 41. Rxe2 a2 42. Rxa2 1-0

[Event "IM Not A GM Speed Chess"]
[Site "chess.com INT"]
[Date "2020.05.17"]
[Round "3.15"]
[White "Bartholomew, John"]
[Black "Shahade, Gregory"]
[Result "1-0"]
[WhiteTitle "IM"]
[BlackTitle "IM"]
[WhiteElo "2446"]
[BlackElo "2476"]
[WhiteFideId "2019353"]
[BlackFideId "2009064"]
[EventDate "2020.04.18"]

1. d4 Nf6 2. Nf3 g6 3. Bg5 Bg7 4. Nbd2 O-O 5. e3 d6 6. Bc4 c5 7. c3 h6 8. Bh4 d5
9. Bd3 cxd4 10. cxd4 Nc6 11. O-O Qb6 12. Qb3 Qxb3 13. Nxb3 Nd7 14. a3 e5 15.
dxe5 Ndxe5 16. Nxe5 Bxe5 17. Rab1 d4 18. e4 b6 19. f4 Bg7 20. Nd2 Be6 21. f5
gxf5 22. exf5 Ba2 23. Ra1 Bd5 24. f6 Bh8 25. Rf5 Be6 26. Rf3 Rfe8 27. Rg3+ Kf8
28. Bh7 Bxf6 29. Bxf6 Ne7 30. Bg7# 1-0

[Event "IM Not A GM Speed Chess"]
[Site "chess.com INT"]
[Date "2020.05.17"]
[Round "3.16"]
[White "Shahade, Gregory"]
[Black "Bartholomew, John"]
[Result "0-1"]
[WhiteTitle "IM"]
[BlackTitle "IM"]
[WhiteElo "2476"]
[BlackElo "2446"]
[WhiteFideId "2009064"]
[BlackFideId "2019353"]
[EventDate "2020.04.18"]

1. b3 d5 2. Bb2 Bg4 3. h3 Bh5 4. Nf3 Bxf3 5. exf3 e6 6. f4 Nf6 7. g3 g6 8. Bg2
Bg7 9. O-O O-O 10. c4 c6 11. Re1 a5 12. d3 Ne8 13. Bxg7 Nxg7 14. Nc3 Nd7 15. Qc2
Nf5 16. Rad1 Qb6 17. Kh2 Rfd8 18. Qb2 Qd4 19. Qc2 Nc5 20. cxd5 cxd5 21. Nb5 Qb4
22. a4 Rac8 23. Rb1 Nxa4 24. Qxc8 Rxc8 25. bxa4 Qd2 26. Kg1 Rc2 27. Rf1 Nxg3 28.
Rbd1 Nxf1 29. Rxd2 Nxd2 0-1

[Event "IM Not A GM Speed Chess"]
[Site "chess.com INT"]
[Date "2020.05.17"]
[Round "3.17"]
[White "Bartholomew, John"]
[Black "Shahade, Gregory"]
[Result "0-1"]
[WhiteTitle "IM"]
[BlackTitle "IM"]
[WhiteElo "2446"]
[BlackElo "2476"]
[WhiteFideId "2019353"]
[BlackFideId "2009064"]
[EventDate "2020.04.18"]

1. d4 Nf6 2. Nf3 e6 3. c4 b6 4. g3 Bb7 5. Bg2 Be7 6. O-O O-O 7. Nc3 Ne4 8. Bd2
Bf6 9. Rc1 d6 10. Be1 Nd7 11. Nxe4 Bxe4 12. Bh3 Bb7 13. Bc3 c5 14. d5 exd5 15.
cxd5 Bxc3 16. Rxc3 Nf6 17. Rd3 Qe7 18. Re1 Qe4 19. Bg2 Qb4 20. b3 Rfe8 21. Nd2
Re5 22. e4 Ba6 23. Rde3 Rae8 24. h3 b5 25. Qc1 c4 26. bxc4 bxc4 27. Bf1 R5e7 28.
Nxc4 Bxc4 29. Bxc4 Rc7 30. Rc3 Rec8 31. e5 dxe5 32. d6 Rxc4 33. Rxc4 Qxc4 34.
Qd2 Qe6 35. Qb4 Rd8 36. Rd1 h6 37. Qc5 Rd7 38. Qc8+ Kh7 39. Qc5 Ne4 40. Qc2 f5
41. g4 Qg6 42. f3 Nf6 43. Kh1 fxg4 44. Qc6 gxf3 45. Rg1 Qe4 46. Kh2 Qxc6 0-1

[Event "IM Not A GM Speed Chess"]
[Site "chess.com INT"]
[Date "2020.05.17"]
[Round "3.18"]
[White "Shahade, Gregory"]
[Black "Bartholomew, John"]
[Result "0-1"]
[WhiteTitle "IM"]
[BlackTitle "IM"]
[WhiteElo "2476"]
[BlackElo "2446"]
[WhiteFideId "2009064"]
[BlackFideId "2019353"]
[EventDate "2020.04.18"]

1. b3 d5 2. Bb2 Bg4 3. h3 Bh5 4. Nf3 Bxf3 5. exf3 e6 6. f4 Nf6 7. g3 g6 8. Bg2
Bg7 9. c4 O-O 10. O-O c6 11. Re1 Ne8 12. Nc3 Nd7 13. Qc2 Nd6 14. d3 Nf5 15. Ne2
a5 16. Bxg7 Kxg7 17. Qc3+ Qf6 18. Qxf6+ Nxf6 19. Rac1 Rfd8 20. Red1 h5 21. Nc3
Nd4 22. Kf1 Nd7 23. Na4 b5 24. cxb5 cxb5 25. Nc5 Nxc5 26. Rxc5 b4 27. Rb1 a4 28.
bxa4 Rxa4 29. Rb2 Rda8 30. Kg1 Kf6 31. g4 hxg4 32. hxg4 Ra3 33. Rxb4 Rxd3 34. a4
Rh8 35. Rc1 Ne2+ 36. Kf1 Nxc1 37. a5 Rd1# 0-1

[Event "IM Not A GM Speed Chess"]
[Site "chess.com INT"]
[Date "2020.05.17"]
[Round "3.19"]
[White "Bartholomew, John"]
[Black "Shahade, Gregory"]
[Result "1/2-1/2"]
[WhiteTitle "IM"]
[BlackTitle "IM"]
[WhiteElo "2446"]
[BlackElo "2476"]
[WhiteFideId "2019353"]
[BlackFideId "2009064"]
[EventDate "2020.04.18"]

1. d4 Nf6 2. Nf3 e6 3. c4 b6 4. g3 Bb7 5. Bg2 Be7 6. O-O O-O 7. Nc3 Ne4 8. Bd2
Bf6 9. Rc1 d6 10. d5 Nxc3 11. Bxc3 Bxc3 12. Rxc3 e5 13. Qc2 a5 14. Nd2 Nd7 15.
b3 f5 16. a3 Qf6 17. Rd1 e4 18. Nf1 Rae8 19. b4 axb4 20. axb4 f4 21. Bxe4 fxg3
22. Bxh7+ Kh8 23. Rxg3 Qxf2+ 24. Kh1 Rxe2 25. Qg6 Qf7 26. Qxf7 Rxf7 27. Bg6 Rff2
28. Kg1 Ne5 29. Bh5 Rb2 30. c5 bxc5 31. bxc5 dxc5 32. Re1 Rf5 33. Bd1 Bxd5 34.
Ne3 Nd3 35. Nxf5 Nxe1 36. Rxg7 Rb1 37. Be2 Nf3+ 38. Kf2 Nd4 39. Rg5 Nxf5 40.
Rxf5 Be6 41. Rxc5 Rb2 42. Ke3 Rb3+ 43. Kf4 Rh3 44. Rxc7 Rxh2 45. Bd3 Rh4+ 46.
Kg5 Rh3 47. Bg6 Rh1 48. Kf6 Bg8 49. Rc8 Rf1+ 50. Bf5 Rg1 51. Rc2 Rh1 52. Rc3
Rh6+ 53. Kg5 Rh1 54. Rc8 Rg1+ 55. Kf6 Rh1 56. Rc3 Rh2 57. Bg6 Rf2+ 58. Kg5 Rh2
59. Bh5 Rg2+ 60. Kh6 Rh2 61. Kg5 Rg2+ 62. Kf4 Rh2 63. Bg4 Rf2+ 64. Kg5 Rf7 65.
Rc6 Rg7+ 66. Kh4 Rh7+ 67. Kg5 Rg7+ 68. Kf4 Rf7+ 69. Ke5 Re7+ 70. Kf6 Rf7+ 71.
Kg5 Rg7+ 1/2-1/2

[Event "IM Not A GM Speed Chess"]
[Site "chess.com INT"]
[Date "2020.05.16"]
[Round "3.20"]
[White "Shahade, Gregory"]
[Black "Bartholomew, John"]
[Result "0-1"]
[WhiteTitle "IM"]
[BlackTitle "IM"]
[WhiteElo "2476"]
[BlackElo "2446"]
[WhiteFideId "2009064"]
[BlackFideId "2019353"]
[EventDate "2020.04.18"]

1. c4 c5 2. g3 Nc6 3. Bg2 g6 4. Nc3 Bg7 5. Nf3 e5 6. O-O Nge7 7. Ne1 d6 8. a3
Be6 9. d3 d5 10. cxd5 Nxd5 11. Nc2 O-O 12. Rb1 Rc8 13. Ne3 Nde7 14. Bd2 b6 15.
Qa4 Qd7 16. Rfc1 Rfd8 17. b4 cxb4 18. axb4 Nd4 19. Qxd7 Rxd7 20. Kf1 Rdc7 21.
Ne4 Rxc1+ 22. Rxc1 Rxc1+ 23. Bxc1 Nec6 24. Bd2 Bf8 25. Nf6+ Kh8 26. Nc4 Bxb4 27.
Bxb4 Nxb4 28. Nxe5 a5 29. Ne4 a4 30. Nc4 Bxc4 31. dxc4 a3 32. Nc3 a2 33. Nxa2
Nxa2 34. e3 Ne6 35. Ke2 Nc5 36. Kd2 Kg7 37. Kc2 Kf6 0-1

[Event "IM Not A GM Speed Chess"]
[Site "chess.com INT"]
[Date "2020.05.17"]
[Round "3.21"]
[White "Bartholomew, John"]
[Black "Shahade, Gregory"]
[Result "0-1"]
[WhiteTitle "IM"]
[BlackTitle "IM"]
[WhiteElo "2446"]
[BlackElo "2476"]
[WhiteFideId "2019353"]
[BlackFideId "2009064"]
[EventDate "2020.04.18"]

1. Nf3 Nf6 2. c4 c5 3. Nc3 g6 4. d4 cxd4 5. Nxd4 Nc6 6. g3 Bg7 7. Bg2 O-O 8. O-O
d6 9. e3 Bd7 10. b3 Qa5 11. Bb2 Rfc8 12. Qd2 a6 13. Rfd1 Nxd4 14. Qxd4 Rab8 15.
Nd5 Qd8 16. Qd2 Nxd5 17. Bxd5 b5 18. Bxg7 Kxg7 19. Rac1 bxc4 20. Bxc4 a5 21. e4
Rc5 22. Re1 Qc7 23. Rcd1 f6 24. h4 a4 25. Qe3 Bb5 26. Bxb5 Rbxb5 27. Rd3 a3 28.
Re2 Rb4 29. Kh2 Rc2 30. Rdd2 Rc3 31. Qf4 Qc5 32. h5 Qxh5+ 33. Kg2 Qe5 34. Qg4 h5
35. Qh4 g5 36. Qxh5 Rxe4 37. Kh2 g4 38. Qxe5 Rxe5 39. Kg2 Rxe2 40. Rxe2 e5 41.
Rd2 Rc6 42. b4 Kf7 43. Rd3 Rb6 44. Rb3 Ke6 45. Kf1 d5 46. Ke2 d4 47. Rxa3 Rxb4
48. Ra6+ Kf5 49. a4 e4 50. Ra5+ Ke6 51. Ra8 Rb2+ 52. Ke1 Kd5 53. a5 Kc4 54. a6
Kd3 55. Kf1 Rb1+ 56. Kg2 Ra1 57. a7 f5 58. Kh2 Ke2 59. Kg2 d3 60. Rb8 Rxa7 61.
Rb2+ d2 62. Rb3 Rd7 63. Re3+ Kd1 64. Kf1 Kc1 65. Rc3+ Kb2 0-1

[Event "IM Not A GM Speed Chess"]
[Site "chess.com INT"]
[Date "2020.05.17"]
[Round "3.22"]
[White "Shahade, Gregory"]
[Black "Bartholomew, John"]
[Result "0-1"]
[WhiteTitle "IM"]
[BlackTitle "IM"]
[WhiteElo "2476"]
[BlackElo "2446"]
[WhiteFideId "2009064"]
[BlackFideId "2019353"]
[EventDate "2020.04.18"]

1. e4 d5 2. exd5 Qxd5 3. Nc3 Qd8 4. d4 Nf6 5. Nf3 Bg4 6. h3 Bxf3 7. Qxf3 c6 8.
Be3 e6 9. Bd3 Nbd7 10. O-O Bd6 11. a3 O-O 12. Rfe1 Re8 13. Rad1 Qc7 14. Ne4 Nxe4
15. Qxe4 g6 16. Qf3 Rad8 17. h4 h5 18. g3 Bf8 19. c3 Bg7 20. Bg5 Rc8 21. Re2 a5
22. Rde1 b5 23. Be4 c5 24. d5 e5 25. Rd1 Qd6 26. Bb1 f5 27. Red2 e4 28. Qe3 Ne5
29. Bf4 Rcd8 30. Kg2 Rd7 31. b4 axb4 32. axb4 cxb4 33. cxb4 Qxb4 34. Bxe5 Rxe5
35. d6 Kh7 36. Ba2 Qc5 37. Qb3 e3 38. Qg8+ Kh6 39. fxe3 Rxe3 40. Rf2 Qe5 41. Rf3
Rxf3 42. Kxf3 Rxd6 43. Rxd6 Qxd6 44. Bf7 Qd3+ 45. Kg2 Qe2+ 46. Kh3 Qf1+ 47. Kh2
Qf2+ 48. Kh3 b4 49. Be8 Qf1+ 50. Kh2 Qe2+ 51. Kh3 b3 52. Qxb3 Qxe8 53. Kh2 Qe2+
54. Kh3 Qg4+ 55. Kh2 f4 56. Qf7 Qxg3+ 57. Kh1 Qxh4+ 58. Kg2 Qg4+ 59. Kh2 f3 60.
Kh1 Qg2# 0-1